Pays qui a le plus battu l'équipe de france de football - Statistiques

Statistiques générales
  • Ce quiz a été pris 571 fois
  • Le résultat moyen est 7 sur 12
Statistiques - réponses
Gagne Pays % Correct
16 Espagne
94%
18 Italie
92%
17 Angleterre
90%
30 Belgique
78%
11 Pays-Bas
70%
12 Suisse
66%
9 Autriche
42%
12 Hongrie
38%
10 Yougoslavie
32%
9 Tchécoslovaquie
28%
8 Écosse
25%
8 Bulgarie
21%
Aucun quiz correspondant
Distribution des résultats
% des personnes avec chaque résultat
Percentile par nombre de réponses
Votre historique - résultats
Vous n’avez pas pris ce quiz